| 000 | 01255cam a22003015a 4500 | ||
|---|---|---|---|
| 001 | 17314487 | ||
| 005 | 20161017114444.0 | ||
| 008 | 120523s2012 enka fr 001 0 eng d | ||
| 010 | _a 2012940378 | ||
| 020 | _a9780199691777 (pbk.) | ||
| 020 | _a0199691770 (pbk.) | ||
| 040 |
_aDLC _beng _cDLC _dEG-ScBUE |
||
| 042 | _apcc | ||
| 082 | 0 | 4 |
_222 _a618.9285889 _bSEL |
| 100 | 1 |
_aSelikowitz, Mark. _941547 |
|
| 245 | 1 | 0 |
_aDyslexia and other learning difficulties / _cMark Selikowitz, consultant developmental paediatrician, Sydney, Australia. |
| 250 | _a3rd ed. | ||
| 260 |
_aOxford : _bOxford University Press, _c2012. |
||
| 300 |
_ax, 134 p. : _bill. ; _c20 cm. |
||
| 490 | 0 | _aThe facts | |
| 500 | _aIndex : p.123-134. | ||
| 520 | _aDyslexia and other learning difficulties offers a clear and sympathetic guide to the difficulties that parents and teachers need to surmount when faced with a child with learning difficulties. This encouraging approach and easy-to-read style will appeal to parents as well as to professionals who work with such children. | ||
| 650 | 7 |
_aLearning disabilities. _2BUEsh _941548 |
|
| 650 | 7 |
_aDyslexia. _2BUEsh _941549 |
|
| 651 | _2BUEsh | ||
| 653 |
_bHHUUEENN _cOctober2016 |
||
| 942 |
_2ddc _e22 _k618.9285889 SEL |
||
| 999 |
_c22637 _d22609 |
||